| 000 | 00428nam a2200193Ia 4500 | ||
|---|---|---|---|
| 003 | OSt | ||
| 005 | 20251105085326.0 | ||
| 008 | 250729s2005 xx 000 0 und d | ||
| 020 | _a978-81-223-0209-7 | ||
| 040 | _cAL | ||
| 041 | _aeng | ||
| 082 | _a530.2 HASL | ||
| 100 |
_aHashmi A H _9223874 |
||
| 245 | _aElectricity & magnetism | ||
| 260 | _c2005 | ||
| 300 | _a32p | ||
| 650 |
_aPhysics _9223875 |
||
| 942 |
_2ddc _cBED |
||
| 999 |
_c236122 _d236122 |
||